000 00364nam a2200133 i 4500
001 bg
100 1 _aWITUSZYŃSKI, Krzysztof
245 0 _aSuboptymalna synteza i analiza rozrządu krzywkowego silników spalinowych /
_cK. Wituszyński.
260 _aLublin,
_c1984.
040 _cBPK
041 _apol
942 _cKS
008 s pl f |000 0 pol
999 _c23317
_d23317
856 _uhttp://koha.tu.koszalin.pl/cgi-bin/koha/opac-detail.pl?biblionumber=23317
_yKatalog online BPK